[Event "XLVII Festival A"]
[Site "Imperia ITA"]
[Date "2005.08.31"]
[Round "4"]
[White "Spatola, Davide"]
[Black "Spirek, Adam"]
[WhiteElo "2102"]
[BlackElo "2050"]
[Result "1-0"]
[PlyCount "77"]
[EventDate "2005.08.28"]

1. d4 Nf6 2. Bg5 Ne4 3. h4 Nxg5 4. hxg5 g6 5. e4 c5 6. c3 Qb6 7. Qd2 cxd4 8.
cxd4 Bg7 9. Nf3 Nc6 10. e5 d6 11. exd6 exd6 12. Rh4 Bf5 13. Nc3 O-O 14. Bc4
Rfe8+ 15. Kf1 Rac8 16. Nd5 Qd8 17. Bb3 Na5 18. Ba4 Re4 19. Rxe4 Bxe4 20. Re1
Nc4 21. Qb4 a5 22. Qxb7 Bxd5 23. Qxd5 Nb6 24. Qb5 Nxa4 25. Qxa4 h6 26. gxh6
Bxh6 27. g3 Kg7 28. d5 Qf6 29. Qa3 Rc2 30. Re2 Rc1+ 31. Kg2 Qf5 32. Qxd6 Qd3
33. Qe5+ Kh7 34. Qe4 Qa6 35. Re1 Rc4 36. Qe8 Qf6 37. Qe5 Qb6 38. Rh1 Rg4 39.
Rxh6+ 1-0

[Event "XLVII Festival A"]
[Site "Imperia ITA"]
[Date "2005.08.31"]
[Round "4"]
[White "Stoppa, Omar"]
[Black "Payen, Arnaud"]
[WhiteElo "2214"]
[BlackElo "2417"]
[Result "0-1"]
[PlyCount "84"]
[EventDate "2005.08.28"]

1. e4 e5 2. f4 exf4 3. Bc4 Qh4+ 4. Kf1 Ne7 5. Nf3 Qh5 6. Nc3 d6 7. Ne2 g5 8. d4
Bh6 9. Qd3 Nd7 10. Bd2 f5 11. exf5 d5 12. Bxd5 g4 13. Re1 Nf6 14. Bxb7 Bxb7 15.
Qb5+ Bc6 16. Qxc6+ Nxc6 17. Ng3+ Ne7 18. Nxh5 Nxh5 19. Bb4 gxf3 20. Rxe7+ Kd8
21. Re6 fxg2+ 22. Kxg2 Bg5 23. Rhe1 Rb8 24. a3 Ng7 25. R6e5 Re8 26. Kf3 Kd7 27.
Rd5+ Kc6 28. Rc5+ Kb6 29. Ba5+ Ka6 30. Rxe8 Rxe8 31. Bd2 Rf8 32. Bxf4 Bxf4 33.
Rd5 Bxh2 34. Rd7 Nxf5 35. Rxh7 Bd6 36. Ke4 Ne7 37. c4 Rf4+ 38. Kd3 Nf5 39. c5
Rxd4+ 40. Kc3 Bxc5 41. Rxc7 Bb6 42. Rf7 Nd6 0-1

[Event "XLVII Festival A"]
[Site "Imperia ITA"]
[Date "2005.08.31"]
[Round "4"]
[White "Sulava, Nenad"]
[Black "Arlandi, Ennio"]
[WhiteElo "2485"]
[BlackElo "2432"]
[Result "1/2-1/2"]
[PlyCount "89"]
[EventDate "2005.08.28"]

1. d4 d5 2. c4 c6 3. Nf3 Nf6 4. Nc3 a6 5. cxd5 cxd5 6. Bf4 Nc6 7. Rc1 Ne4 8. e3
Nxc3 9. bxc3 Bg4 10. Rb1 Ra7 11. Bd3 e6 12. e4 Bd6 13. exd5 Bxf4 14. dxc6 bxc6
15. h3 Bh5 16. Qe2 Qc7 17. g4 Bg6 18. Bxg6 hxg6 19. Kf1 O-O 20. Kg2 c5 21. Qe4
cxd4 22. cxd4 Rb8 23. Rxb8+ Qxb8 24. h4 Rb7 25. g5 Rb5 26. a4 Rd5 27. Rb1 Qc7
28. Rb2 Bd6 29. Rc2 Qb8 30. Rc4 Kf8 31. Rc6 a5 32. Qc2 Ke7 33. Qc4 Qb7 34. Qa6
Qxa6 35. Rxa6 e5 36. dxe5 Bxe5 37. Nxe5 Rxe5 38. Kg3 Rf5 39. f4 Rc5 40. Kg4 Rf5
41. Ra7+ Ke6 42. Kf3 Rc5 43. Ke3 Rd5 44. Ke4 Rc5 45. Ra6+ 1/2-1/2

[Event "XLVII Festival A"]
[Site "Imperia ITA"]
[Date "2005.08.31"]
[Round "5"]
[White "Arlandi, Ennio"]
[Black "Barlocco, Carlo"]
[WhiteElo "2432"]
[BlackElo "2235"]
[Result "1-0"]
[PlyCount "47"]
[EventDate "2005.08.28"]

1. d4 d5 2. c4 c6 3. Nf3 Nf6 4. e3 e6 5. Bd3 Nbd7 6. O-O Be7 7. Nbd2 O-O 8. e4
dxe4 9. Nxe4 Nxe4 10. Bxe4 Nf6 11. Bc2 Qa5 12. Bd2 Qh5 13. Re1 Bd6 14. h3 Rd8
15. Bg5 h6 16. Bxf6 gxf6 17. Re4 Kf8 18. Rh4 Qa5 19. Qc1 Bd7 20. c5 Bc7 21.
Qxh6+ Ke7 22. Ne5 Rf8 23. Ng4 f5 24. Qg5+ 1-0

[Event "XLVII Festival A"]
[Site "Imperia ITA"]
[Date "2005.08.31"]
[Round "5"]
[White "De Marco, Walter"]
[Black "Cugini, Verter"]
[WhiteElo "2055"]
[BlackElo "2210"]
[Result "0-1"]
[PlyCount "96"]
[EventDate "2005.08.28"]

1. Nf3 g6 2. d4 Bg7 3. c3 Nf6 4. Nbd2 d5 5. e3 O-O 6. Bd3 Bf5 7. Qc2 Bxd3 8.
Qxd3 Nbd7 9. O-O c5 10. Re1 Re8 11. h3 e5 12. dxe5 Nxe5 13. Nxe5 Rxe5 14. Nf3
Re6 15. b3 Ne4 16. Bb2 Rc8 17. Nd2 c4 18. bxc4 Nxd2 19. Qxd2 dxc4 20. Rad1 Qxd2
21. Rxd2 Ra6 22. a3 Bf8 23. Ra1 Rc5 24. e4 Ra4 25. Rd5 Rxd5 26. exd5 Bd6 27.
Kf1 Kf8 28. Ke2 Ke7 29. Kf3 f5 30. Ke2 Be5 31. Ke3 Kd6 32. g4 Kxd5 33. gxf5
gxf5 34. Rg1 Ra6 35. f4 Bf6 36. Rd1+ Ke6 37. Kf3 Rb6 38. Re1+ Kd7 39. Re2 Rb3
40. Rc2 Kc6 41. Ke2 Kb5 42. Kd2 Be7 43. Ke3 Bc5+ 44. Kd2 Bxa3 45. Bxa3 Rxa3 46.
Ke3 Kc5 47. Kd2 b5 48. Rb2 a5 0-1

[Event "XLVII Festival A"]
[Site "Imperia ITA"]
[Date "2005.08.31"]
[Round "5"]
[White "Ermenkov, Evgenij P."]
[Black "Sulava, Nenad"]
[WhiteElo "2478"]
[BlackElo "2485"]
[Result "1/2-1/2"]
[PlyCount "22"]
[EventDate "2005.08.28"]

1. d4 d5 2. Nf3 Nf6 3. c4 dxc4 4. e3 e6 5. Bxc4 c5 6. O-O a6 7. dxc5 Qxd1 8.
Rxd1 Bxc5 9. b3 Nbd7 10. Bb2 b6 11. Nbd2 Bb7 1/2-1/2

[Event "XLVII Festival A"]
[Site "Imperia ITA"]
[Date "2005.08.31"]
[Round "5"]
[White "Faraci, Antonino"]
[Black "Carzolio, Luigi"]
[WhiteElo "2067"]
[BlackElo "2034"]
[Result "1-0"]
[PlyCount "71"]
[EventDate "2005.08.28"]

1. e4 e6 2. d4 b6 3. Nf3 Bb7 4. Bd3 c5 5. c3 Nf6 6. Nbd2 d5 7. e5 Nfd7 8. O-O
cxd4 9. cxd4 Ba6 10. Bxa6 Nxa6 11. Qe2 Nab8 12. Nb3 a5 13. Be3 a4 14. Nc1 Qc8
15. Nd3 Qa6 16. Nfe1 Nc6 17. f4 g6 18. g4 Ne7 19. Qg2 Rc8 20. Rd1 Rc4 21. Nf3
h5 22. h3 Nb8 23. Nd2 Rc8 24. Nf3 Nbc6 25. Ng5 Na5 26. a3 Nb3 27. Nb4 Qb5 28.
Rf3 Rc4 29. Qf2 hxg4 30. hxg4 Nc6 31. Nxc6 Qxc6 32. f5 Rc2 33. Qg3 gxf5 34.
gxf5 Rch2 35. Rdf1 Qc4 36. Qxh2 1-0

[Event "XLVII Festival A"]
[Site "Imperia ITA"]
[Date "2005.08.31"]
[Round "5"]
[White "Haba, Zdenek"]
[Black "Cirabisi, Federico"]
[WhiteElo "2277"]
[BlackElo "2109"]
[Result "1-0"]
[PlyCount "45"]
[EventDate "2005.08.28"]

1. d4 d5 2. c4 e5 3. dxe5 d4 4. Nf3 Nc6 5. g3 Be6 6. Nbd2 Qd7 7. Bg2 Be7 8. O-O
h5 9. b4 Bxb4 10. Qb3 Be7 11. Qxb7 Rb8 12. Nxd4 Nxd4 13. Qxb8+ Bd8 14. Nf3
Nxe2+ 15. Kh1 Ne7 16. Bg5 Nc6 17. Qb2 Ncd4 18. Nxd4 Nxd4 19. Bxd8 Qxd8 20. c5
Bd5 21. Rad1 Qa8 22. Bxd5 Qxd5+ 23. f3 1-0

[Event "XLVII Festival A"]
[Site "Imperia ITA"]
[Date "2005.08.31"]
[Round "5"]
[White "Hodova, Lucie"]
[Black "Puobis, Jozef"]
[WhiteElo "2112"]
[BlackElo "2051"]
[Result "1/2-1/2"]
[PlyCount "42"]
[EventDate "2005.08.28"]

1. e4 e5 2. Nf3 Nf6 3. d4 Nxe4 4. Bd3 d5 5. Nxe5 Nf6 6. O-O Be7 7. Bg5 O-O 8.
Nd2 Nc6 9. Ndf3 h6 10. Bh4 Nxe5 11. Nxe5 Ne4 12. Bxe7 Qxe7 13. Re1 Re8 14. Qh5
Nf6 15. Qf3 Be6 16. c3 c6 17. Bc2 Qf8 18. Re3 Nd7 19. Rae1 Nxe5 20. Rxe5 Bd7
21. Qd3 g6 1/2-1/2

[Event "XLVII Festival A"]
[Site "Imperia ITA"]
[Date "2005.08.31"]
[Round "5"]
[White "Jurek, Josef"]
[Black "Kalod, Radek"]
[WhiteElo "2381"]
[BlackElo "2492"]
[Result "1/2-1/2"]
[PlyCount "23"]
[EventDate "2005.08.28"]

1. Nf3 Nf6 2. c4 g6 3. d4 Bg7 4. g3 O-O 5. Bg2 d5 6. cxd5 Nxd5 7. O-O Nb6 8.
Nc3 Nc6 9. d5 Na5 10. Qc2 c6 11. dxc6 Nxc6 12. Rd1 1/2-1/2

[Event "XLVII Festival A"]
[Site "Imperia ITA"]
[Date "2005.08.31"]
[Round "5"]
[White "Kantorik, Marian"]
[Black "Del Dotto, Riccardo"]
[WhiteElo "2342"]
[BlackElo "2127"]
[Result "1-0"]
[PlyCount "87"]
[EventDate "2005.08.28"]

1. d4 d5 2. c4 c6 3. Nf3 Nf6 4. Nc3 a6 5. c5 Nbd7 6. Bf4 Nh5 7. e3 Nxf4 8. exf4
g6 9. Bd3 Bg7 10. O-O O-O 11. Re1 Re8 12. h4 b6 13. cxb6 Qxb6 14. Na4 Qa7 15.
Bc2 Bb7 16. h5 e6 17. b4 a5 18. a3 Ba6 19. Rb1 axb4 20. axb4 Bb5 21. Nc5 Nb6
22. Ng5 Bh6 23. Qg4 Bxg5 24. Qxg5 Qe7 25. Qg4 Qf6 26. Rbd1 Nc4 27. Nd7 Qe7 28.
Ne5 Qf6 29. Nxc4 dxc4 30. Re5 Rad8 31. Qg3 Kg7 32. Qe3 Rg8 33. Be4 Rd6 34. g4
Qh4 35. Bf3 Qh3 36. Rd2 Ra8 37. Rd1 Kg8 38. f5 Rf8 39. Qf4 Rdd8 40. Rde1 Kh8
41. hxg6 hxg6 42. f6 Kh7 43. Rh5+ gxh5 44. Be4+ 1-0

[Event "XLVII Festival A"]
[Site "Imperia ITA"]
[Date "2005.08.31"]
[Round "5"]
[White "Lacrosse, Marc"]
[Black "Dunis, Aurelien"]
[WhiteElo "2242"]
[BlackElo "2485"]
[Result "1/2-1/2"]
[PlyCount "40"]
[EventDate "2005.08.28"]

1. d4 Nf6 2. c4 e6 3. Nf3 d5 4. Bg5 Nbd7 5. cxd5 exd5 6. Nc3 Bb4 7. e3 c5 8.
Qc2 Qa5 9. Bd3 c4 10. Bf5 O-O 11. O-O Re8 12. Nd2 g6 13. Bh3 Bf8 14. Rae1 h6
15. Bh4 g5 16. Bxd7 Bxd7 17. Bg3 Bg7 18. Be5 Rxe5 19. dxe5 Ng4 20. Nf3 Nxe5
1/2-1/2

[Event "XLVII Festival A"]
[Site "Imperia ITA"]
[Date "2005.08.31"]
[Round "5"]
[White "Mercandelli, Claudio"]
[Black "Zakoucka, Adela"]
[WhiteElo "2105"]
[BlackElo "2031"]
[Result "1-0"]
[PlyCount "59"]
[EventDate "2005.08.28"]

1. c4 c5 2. g3 d6 3. Bg2 Nf6 4. Nc3 e6 5. Nf3 Be7 6. O-O Nbd7 7. d4 b6 8. Ne5
d5 9. Nc6 Qc7 10. Nxe7 Kxe7 11. cxd5 exd5 12. Nxd5+ Nxd5 13. Bxd5 Bb7 14. Bf4
Qc8 15. Qb3 Nf6 16. Bxb7 Qxb7 17. dxc5 h5 18. Bd6+ Ke8 19. Qe3+ Qe4 20. Qxe4+
Nxe4 21. Rac1 Nxd6 22. cxd6 Kd7 23. Rc7+ Ke6 24. Rd1 f5 25. d7 g5 26. Rdc1 f4
27. R1c6+ Ke7 28. Rb7 b5 29. Rc8 Rd8 30. Rbc7 1-0

[Event "XLVII Festival A"]
[Site "Imperia ITA"]
[Date "2005.08.31"]
[Round "5"]
[White "Pepino, Enrico"]
[Black "Blasco, Domenico"]
[WhiteElo "2149"]
[BlackElo "1994"]
[Result "0-1"]
[PlyCount "70"]
[EventDate "2005.08.28"]

1. e4 g6 2. d4 Bg7 3. Nc3 c6 4. f4 d5 5. e5 Nh6 6. Bd3 f6 7. Nf3 Bg4 8. Be3 O-O
9. Qd2 Bxf3 10. gxf3 fxe5 11. fxe5 Nf5 12. O-O-O e6 13. h4 c5 14. Ne2 Nxe3 15.
Qxe3 c4 16. Bxg6 hxg6 17. h5 gxh5 18. Rdg1 Rf7 19. Rxh5 Nc6 20. Qh6 Kf8 21.
Qxe6 Qd7 22. Qg6 Ne7 23. Qh7 Bxe5 24. dxe5 Rxh7 25. Rxh7 Qe6 26. f4 Ng6 27. Nd4
Qb6 28. c3 Nxf4 29. Rgg7 Nd3+ 30. Kd1 Nxe5 31. Nf5 Ng6 32. Nd4 Qf6 33. Rxg6
Qxg6 34. Rh8+ Qg8 35. Rxg8+ Kxg8 0-1

[Event "XLVII Festival A"]
[Site "Imperia ITA"]
[Date "2005.08.31"]
[Round "5"]
[White "Poloch, Petr"]
[Black "Spatola, Davide"]
[WhiteElo "2294"]
[BlackElo "2102"]
[Result "1-0"]
[PlyCount "89"]
[EventDate "2005.08.28"]

1. e4 d6 2. d4 Nf6 3. Bd3 g6 4. c3 Nc6 5. f4 e5 6. Nf3 Bg4 7. fxe5 dxe5 8. d5
Nb8 9. h3 Bxf3 10. Qxf3 Bg7 11. O-O Qd6 12. Na3 Nbd7 13. Nb5 Qb6+ 14. Be3 c5
15. a4 O-O 16. a5 Qd8 17. a6 b6 18. Bc4 Ne8 19. d6 Ndf6 20. Rfd1 Qd7 21. b4
cxb4 22. cxb4 Rc8 23. Bf1 Rc6 24. Rac1 Rxc1 25. Bxc1 Nh5 26. g4 Nf4 27. Bxf4
exf4 28. Qxf4 f6 29. Nxa7 Nc7 30. dxc7 Qxd1 31. c8=Q Rxc8 32. Nxc8 Qd4+ 33. Kh1
Bh6 34. Ne7+ Kg7 35. Qf3 b5 36. Nc6 Qb6 37. e5 Bg5 38. a7 Qb7 39. e6 f5 40.
gxf5 gxf5 41. Bg2 f4 42. e7 Bxe7 43. Nxe7 Qxa7 44. Nd5 Qa1+ 45. Kh2 1-0

[Event "XLVII Festival A"]
[Site "Imperia ITA"]
[Date "2005.08.31"]
[Round "5"]
[White "Spirek, Adam"]
[Black "Astengo, Marcello"]
[WhiteElo "2050"]
[BlackElo "2096"]
[Result "0-1"]
[PlyCount "108"]
[EventDate "2005.08.28"]

1. e4 e6 2. d3 d5 3. Nd2 c5 4. Ngf3 Nc6 5. g3 Nge7 6. Bg2 g6 7. O-O Bg7 8. Re1
O-O 9. e5 Nf5 10. c3 b6 11. Nf1 Bb7 12. h4 Rc8 13. Bg5 Qd7 14. Bf6 h5 15. N1h2
Nh6 16. Qd2 b5 17. Qf4 d4 18. Ng5 dxc3 19. bxc3 b4 20. Ne4 bxc3 21. Nxc5 Qc7
22. Bxg7 Kxg7 23. Qf6+ Kh7 24. Be4 Nd8 25. Nxb7 Nxb7 26. d4 Na5 27. g4 Qd8 28.
gxh5 Qxf6 29. exf6 Nc6 30. hxg6+ fxg6 31. h5 Rxf6 32. hxg6+ Kg7 33. Rab1 Nf5
34. Rb7+ Kxg6 35. Kh1 Ncxd4 36. Rg1+ Kh5 37. Nf3 Rh8 38. Rg5+ Kh6 39. Rg2 c2
40. Bxc2 Nxf3 41. Be4 N5h4 42. Rg4 Kh5 43. Rg3 Ng5 44. Rb5 Nf5 45. Rg2 Kg6+ 46.
Kg1 Rh4 47. Bc6 Rf8 48. Bd7 Kf6 49. Rb7 Nf3+ 50. Kf1 N5d4 51. Rg3 Rh1+ 52. Kg2
Rg1+ 53. Kh3 Rh1+ 54. Kg4 Rh4# 0-1

[Event "XLVII Festival A"]
[Site "Imperia ITA"]
[Date "2005.08.31"]
[Round "5"]
[White "Tasic, Branislav"]
[Black "Mueller, Ralf"]
[WhiteElo "2245"]
[BlackElo "2342"]
[Result "1/2-1/2"]
[PlyCount "53"]
[EventDate "2005.08.28"]

1. d4 Nf6 2. Nf3 g6 3. c4 Bg7 4. Nc3 d5 5. Bf4 O-O 6. Rc1 c5 7. dxc5 dxc4 8. e3
Nbd7 9. Bxc4 Nxc5 10. O-O Be6 11. Bxe6 Nxe6 12. Be5 Qa5 13. Qe2 Rfd8 14. Rfd1
a6 15. e4 Bh6 16. Rxd8+ Rxd8 17. Rd1 Ng4 18. Bg3 Rxd1+ 19. Qxd1 Bg7 20. Nd5
Bxb2 21. h3 Nf6 22. Qc2 Ba3 23. Qc8+ Qd8 24. Qxb7 Nxe4 25. Nxe7+ Bxe7 26. Qxe4
Nc5 27. Qc6 1/2-1/2

[Event "XLVII Festival A"]
[Site "Imperia ITA"]
[Date "2005.08.31"]
[Round "5"]
[White "Zanetti, Alberto"]
[Black "Malano, Francesco"]
[WhiteElo "2217"]
[BlackElo "2034"]
[Result "1-0"]
[PlyCount "43"]
[EventDate "2005.08.28"]

1. e4 d6 2. d4 Nf6 3. Nc3 e5 4. Nf3 Nbd7 5. Bc4 Be7 6. Bxf7+ Kxf7 7. Ng5+ Kg8
8. Ne6 Qe8 9. Nxc7 Qd8 10. Nxa8 b6 11. Qd3 Bb7 12. Qc4+ d5 13. exd5 Bd6 14. Bg5
Qxa8 15. Bxf6 gxf6 16. dxe5 Nxe5 17. Qh4 Kg7 18. Ne4 Be7 19. Nc3 Bxd5 20. O-O-O
Be6 21. Rhe1 Qc6 22. Rxe5 1-0

[Event "XLVII Festival A"]
[Site "Imperia ITA"]
[Date "2005.09.01"]
[Round "6"]
[White "Banas, Jan"]
[Black "Sulava, Nenad"]
[WhiteElo "2367"]
[BlackElo "2485"]
[Result "1-0"]
[PlyCount "83"]
[EventDate "2005.08.28"]

1. c4 e5 2. Nc3 d6 3. d4 exd4 4. Qxd4 Nc6 5. Qd2 Nf6 6. b3 Be6 7. e4 Be7 8.
Nge2 Nd7 9. Bb2 O-O 10. Nf4 Nc5 11. Be2 a5 12. Qe3 Nb4 13. Rc1 Bg5 14. g3 Bh3
15. a3 Nc6 16. Ncd5 Bh6 17. f3 f5 18. Qc3 fxe4 19. Nxh3 exf3 20. Bxf3 Ne5 21.
O-O Nxf3+ 22. Rxf3 Rxf3 23. Qxf3 Bxc1 24. Bxc1 c6 25. Bg5 Qe8 26. Ne7+ Kh8 27.
Nf4 Nd7 28. Qe4 Nf8 29. Qd4 a4 30. Nf5 Qf7 31. Nxg7 Kg8 32. Ngh5 Nd7 33. b4 Ne5
34. Qe4 Nxc4 35. Nf6+ Kh8 36. N4h5 Ne5 37. Bh6 Rg8 38. Nxg8 Qxh5 39. Qf4 Qg6
40. Ne7 Qb1+ 41. Kg2 Qa2+ 42. Kh3 1-0

[Event "XLVII Festival A"]
[Site "Imperia ITA"]
[Date "2005.09.01"]
[Round "6"]
[White "Blasco, Domenico"]
[Black "Tasic, Branislav"]
[WhiteElo "1994"]
[BlackElo "2245"]
[Result "1/2-1/2"]
[PlyCount "30"]
[EventDate "2005.08.28"]

1. d4 Nf6 2. Nf3 g6 3. Bf4 Bg7 4. e3 d6 5. Be2 Nh5 6. Bg5 h6 7. Bh4 g5 8. Nfd2
gxh4 9. Bxh5 e5 10. dxe5 dxe5 11. Bg4 Nd7 12. Nc3 O-O 13. e4 Nc5 14. Bxc8 Rxc8
15. Qg4 Qg5 1/2-1/2

[Event "XLVII Festival A"]
[Site "Imperia ITA"]
[Date "2005.09.01"]
[Round "6"]
[White "Carzolio, Luigi"]
[Black "Spirek, Adam"]
[WhiteElo "2034"]
[BlackElo "2050"]
[Result "0-1"]
[PlyCount "80"]
[EventDate "2005.08.28"]

1. f4 d6 2. Nf3 c5 3. b3 Nf6 4. Bb2 g6 5. e3 Bg7 6. c4 O-O 7. g3 Nc6 8. a3 Bf5
9. d3 Qd7 10. Qd2 e5 11. e4 Bg4 12. Bg2 exf4 13. gxf4 Bxf3 14. Bxf3 Qh3 15. Qg2
Qxg2 16. Bxg2 Nh5 17. Bxg7 Kxg7 18. O-O Nd4 19. Ra2 Nxb3 20. Rb2 Nd4 21. Nc3
Rab8 22. Nb5 Nxb5 23. Rxb5 Rfe8 24. Bh3 Re7 25. Bg4 Nf6 26. Bf3 b6 27. Rfb1 Ne8
28. R5b2 Nc7 29. Bg4 Rf8 30. f5 h5 31. Rf1 Re5 32. f6+ Kh6 33. Bd7 Rd8 34. Bc6
Rg5+ 35. Kf2 Ne6 36. Ke3 Nd4 37. Bd5 Rd7 38. a4 h4 39. a5 bxa5 40. Ra1 h3 0-1

[Event "XLVII Festival A"]
[Site "Imperia ITA"]
[Date "2005.09.01"]
[Round "6"]
[White "Cugini, Verter"]
[Black "Schwanengel, Ulrich"]
[WhiteElo "2210"]
[BlackElo "2097"]
[Result "1-0"]
[PlyCount "97"]
[EventDate "2005.08.28"]

1. e4 e5 2. Nf3 Nc6 3. d4 exd4 4. Nxd4 Nf6 5. Nxc6 bxc6 6. e5 Qe7 7. Qe2 Nd5 8.
c4 Ba6 9. Nd2 Nb4 10. Nf3 c5 11. b3 Rb8 12. Bb2 d5 13. Qd2 d4 14. Bd3 Qe6 15.
O-O Nxd3 16. Qxd3 Bxc4 17. bxc4 Rxb2 18. Qa3 Rb7 19. Rab1 Qc6 20. e6 f6 21.
Rxb7 Qxb7 22. Nd2 Bd6 23. Rb1 Qa8 24. Qa4+ c6 25. Qa6 O-O 26. Rb7 Re8 27. Rxa7
Qb8 28. Qxc6 Rxe6 29. Qd5 Bxh2+ 30. Kh1 Qd6 31. g3 Bxg3 32. fxg3 Qxd5+ 33. cxd5
Rd6 34. a4 Rxd5 35. a5 d3 36. a6 c4 37. Nxc4 d2 38. Nxd2 Rxd2 39. Rb7 Ra2 40.
a7 h5 41. Rb8+ Kf7 42. a8=Q Rxa8 43. Rxa8 Kg6 44. Kg2 Kg5 45. Ra5+ Kg4 46. Ra4+
Kf5 47. Kf3 g5 48. Ra5+ Kg6 49. Ke4 1-0

[Event "XLVII Festival A"]
[Site "Imperia ITA"]
[Date "2005.09.01"]
[Round "6"]
[White "De Vita, Igor"]
[Black "Faraci, Antonino"]
[WhiteElo "2157"]
[BlackElo "2067"]
[Result "0-1"]
[PlyCount "43"]
[EventDate "2005.08.28"]

1. d4 g6 2. g3 Bg7 3. Bg2 d6 4. c3 c6 5. a4 Nd7 6. Na3 Ngf6 7. Nh3 O-O 8. O-O
Qc7 9. Nc4 Re8 10. e4 e5 11. dxe5 dxe5 12. Nd6 Re6 13. Nxf7 Kxf7 14. Ng5+ Ke7
15. Nxe6 Kxe6 16. Be3 b6 17. f4 Ke7 18. g4 Nf8 19. f5 gxf5 20. exf5 Nd5 21.
Bxd5 cxd5 22. g5 0-1

[Event "XLVII Festival A"]
[Site "Imperia ITA"]
[Date "2005.09.01"]
[Round "6"]
[White "Del Dotto, Riccardo"]
[Black "Vozza, Nicola"]
[WhiteElo "2127"]
[BlackElo "2005"]
[Result "1-0"]
[PlyCount "53"]
[EventDate "2005.08.28"]

1. d4 Nf6 2. Nf3 g6 3. Bf4 Bg7 4. h3 d6 5. e3 Nbd7 6. Be2 O-O 7. O-O b6 8. Bh2
Bb7 9. c3 c5 10. a4 a6 11. Nbd2 Ra7 12. Qb3 Qa8 13. Rfd1 b5 14. axb5 axb5 15.
Rxa7 Qxa7 16. Bxb5 Rb8 17. Qc4 Bd5 18. Qe2 Qa2 19. e4 Bb3 20. Re1 Bc2 21. e5
Qxb2 22. exf6 Nxf6 23. Bc4 Rb7 24. dxc5 dxc5 25. Ng5 Qxc3 26. Nxf7 Kf8 27. Nd6
1-0

[Event "XLVII Festival A"]
[Site "Imperia ITA"]
[Date "2005.09.01"]
[Round "6"]
[White "Dunis, Aurelien"]
[Black "Payen, Arnaud"]
[WhiteElo "2485"]
[BlackElo "2417"]
[Result "1/2-1/2"]
[PlyCount "83"]
[EventDate "2005.08.28"]

1. e4 e5 2. Nf3 Nc6 3. Bb5 a6 4. Ba4 Nf6 5. O-O Be7 6. Re1 b5 7. Bb3 d6 8. c3
O-O 9. h3 Nd7 10. d3 Na5 11. Bc2 c5 12. Nbd2 Nb6 13. Nf1 Nc6 14. Ne3 Bd7 15.
Nd5 Nxd5 16. exd5 Na7 17. d4 exd4 18. cxd4 c4 19. b3 cxb3 20. axb3 Nc8 21. Bd2
a5 22. Ra2 Qb6 23. Qb1 g6 24. Qa1 b4 25. Bh6 Re8 26. Nd2 Bf6 27. Rxe8+ Bxe8 28.
Nc4 Qxd4 29. Qxd4 Bxd4 30. Rxa5 Rxa5 31. Nxa5 Ne7 32. Be4 f5 33. Bf3 Bf7 34.
Nc6 Nxc6 35. dxc6 Bb6 36. Be3 Bc7 37. Bd1 Bd5 38. Bd2 Ba5 39. Bf4 Bc7 40. Bd2
Ba5 41. Bf4 Bc7 42. Bd2 1/2-1/2

[Event "XLVII Festival A"]
[Site "Imperia ITA"]
[Date "2005.09.01"]
[Round "6"]
[White "Ermenkov, Evgenij P."]
[Black "Arlandi, Ennio"]
[WhiteElo "2478"]
[BlackElo "2432"]
[Result "1-0"]
[PlyCount "123"]
[EventDate "2005.08.28"]

1. e4 c5 2. Nc3 e6 3. Nf3 a6 4. d4 cxd4 5. Nxd4 d6 6. a4 Nc6 7. Be3 Nf6 8. Be2
Qc7 9. O-O Be7 10. f4 O-O 11. Qe1 Nxd4 12. Bxd4 e5 13. Be3 exf4 14. Bxf4 Be6
15. Qg3 Rfd8 16. Rad1 Rac8 17. Kh1 Qb6 18. e5 dxe5 19. Bxe5 Rxd1 20. Rxd1 g6
21. Bf3 Nd7 22. Bd4 Qc7 23. Nd5 Bxd5 24. Bxd5 Qxg3 25. hxg3 Nc5 26. a5 Rc7 27.
c4 Rd7 28. b4 Ne6 29. Bc3 Kf8 30. Rb1 Bd6 31. g4 Nf4 32. Bf3 Nd3 33. Kg1 Ne5
34. Be2 Ke7 35. Kf2 Bc7 36. Ke3 f5 37. gxf5 gxf5 38. Rh1 Kd8 39. Rh5 Rf7 40.
Kd2 Ng6 41. Bf3 Be5 42. Bd5 Bxc3+ 43. Kxc3 Re7 44. Rxf5 Kc7 45. Kd4 b6 46. Rf6
bxa5 47. bxa5 Re2 48. Rxa6 Nf4 49. Ra7+ Kb8 50. Rxh7 Nxd5 51. cxd5 Rxg2 52. d6
Rd2+ 53. Kc5 Kc8 54. Kb5 Rb2+ 55. Kc6 Rc2+ 56. Kb6 Rb2+ 57. Ka7 Rd2 58. Rc7+
Kd8 59. Rc6 Kd7 60. Kb7 Ra2 61. a6 Ra1 62. Rb6 1-0

[Event "XLVII Festival A"]
[Site "Imperia ITA"]
[Date "2005.09.01"]
[Round "6"]
[White "Fossati, Remigio"]
[Black "Gross, Stefan"]
[WhiteElo "2133"]
[BlackElo "2274"]
[Result "1/2-1/2"]
[PlyCount "44"]
[EventDate "2005.08.28"]

1. e4 c5 2. c3 Nf6 3. e5 Nd5 4. Nf3 d6 5. d4 cxd4 6. cxd4 Nc6 7. Bc4 Nb6 8. Bb5
Bd7 9. exd6 exd6 10. O-O Be7 11. Nc3 O-O 12. Bf4 Bg4 13. h3 Bxf3 14. Qxf3 Nxd4
15. Qxb7 Rb8 16. Qe4 Nxb5 17. Nxb5 Qd7 18. Nd4 Bf6 19. Rad1 Rbd8 20. b3 d5 21.
Qd3 Rfe8 22. Be3 g6 1/2-1/2

[Event "XLVII Festival A"]
[Site "Imperia ITA"]
[Date "2005.09.01"]
[Round "6"]
[White "Haba, Zdenek"]
[Black "Mercandelli, Claudio"]
[WhiteElo "2277"]
[BlackElo "2105"]
[Result "1-0"]
[PlyCount "55"]
[EventDate "2005.08.28"]

1. d4 Nf6 2. c4 g6 3. Nc3 Bg7 4. e4 d6 5. Be2 O-O 6. Bg5 c5 7. d5 h6 8. Be3 b5
9. cxb5 a6 10. a4 e6 11. dxe6 Bxe6 12. e5 Nfd7 13. exd6 Ne5 14. Nf3 Nc4 15.
Bxc5 Nxb2 16. Qc2 Qa5 17. Bd4 Nc4 18. Bxg7 Kxg7 19. O-O Nxd6 20. Qb2 f6 21.
Rfd1 Nf5 22. g4 Ne7 23. Nd4 Bf7 24. Ne4 Qb6 25. a5 Qc7 26. Nxf6 Kxf6 27. Nf3+
Ke6 28. Bc4+ 1-0

[Event "XLVII Festival A"]
[Site "Imperia ITA"]
[Date "2005.09.01"]
[Round "6"]
[White "Jurek, Josef"]
[Black "Simacek, Pavel"]
[WhiteElo "2381"]
[BlackElo "2453"]
[Result "1/2-1/2"]
[PlyCount "20"]
[EventDate "2005.08.28"]

1. c4 e5 2. Nc3 Nf6 3. g3 d5 4. cxd5 Nxd5 5. Bg2 Nb6 6. Nf3 Nc6 7. O-O Be7 8.
d3 O-O 9. a3 Be6 10. b4 a6 1/2-1/2

[Event "XLVII Festival A"]
[Site "Imperia ITA"]
[Date "2005.09.01"]
[Round "6"]
[White "Kalod, Radek"]
[Black "Dolezal, Radoslav jr"]
[WhiteElo "2492"]
[BlackElo "2390"]
[Result "1-0"]
[PlyCount "81"]
[EventDate "2005.08.28"]

1. e4 e5 2. Nf3 Nc6 3. d4 exd4 4. Nxd4 Nf6 5. Nxc6 bxc6 6. e5 Qe7 7. Qe2 Nd5 8.
c4 Ba6 9. b3 g6 10. f4 Qb4+ 11. Bd2 Qb6 12. Qf3 Nb4 13. Kd1 Bb7 14. Nc3 c5 15.
Qe3 O-O-O 16. a3 Na6 17. Kc2 Bg7 18. Re1 Rde8 19. Nd5 Qe6 20. Bd3 d6 21. f5 Qd7
22. e6 fxe6 23. fxe6 Qd8 24. Rhf1 c6 25. e7 Qd7 26. Nf6 Bxf6 27. Rxf6 Nc7 28.
h3 Kb8 29. Rf7 Bc8 30. Bc3 Rhg8 31. Rxh7 Ne6 32. Bf6 Ka8 33. Kb2 d5 34. h4 Qb7
35. Ka2 Bd7 36. Rb1 Nd4 37. Bxd4 cxd4 38. Qxd4 Bf5 39. Re1 c5 40. Qe3 d4 41.
Qe4 1-0

[Event "XLVII Festival A"]
[Site "Imperia ITA"]
[Date "2005.09.01"]
[Round "6"]
[White "Sarmir, Milos"]
[Black "Poloch, Petr"]
[WhiteElo "2154"]
[BlackElo "2294"]
[Result "0-1"]
[PlyCount "54"]
[EventDate "2005.08.28"]

1. e4 c5 2. Nf3 d6 3. d4 Nf6 4. Nc3 cxd4 5. Nxd4 a6 6. a4 Nc6 7. Be2 e6 8. O-O
Be7 9. Be3 Qc7 10. Kh1 Bd7 11. f4 O-O 12. Nxc6 Bxc6 13. Bd3 b5 14. axb5 axb5
15. Rxa8 Rxa8 16. Nxb5 Qb7 17. c4 Nxe4 18. Qc2 f5 19. Nd4 Bd7 20. b4 Ra3 21.
Bc1 Ra1 22. Nb3 Ra8 23. b5 Bf6 24. Re1 Nc3 25. Bb2 Ra2 26. Qc1 Na4 27. Bxf6
Qxg2# 0-1

[Event "XLVII Festival A"]
[Site "Imperia ITA"]
[Date "2005.09.01"]
[Round "6"]
[White "Spatola, Davide"]
[Black "Pepino, Enrico"]
[WhiteElo "2102"]
[BlackElo "2149"]
[Result "0-1"]
[PlyCount "46"]
[EventDate "2005.08.28"]

1. d4 g6 2. Bg5 Bg7 3. Nf3 Nf6 4. Nbd2 d6 5. e3 Nbd7 6. Bd3 O-O 7. O-O e5 8. c3
Re8 9. Qb3 b6 10. Be4 Rb8 11. Bd5 Qe7 12. dxe5 dxe5 13. Rfe1 h6 14. Bxf6 Nxf6
15. Bc6 Rf8 16. e4 Nh5 17. Nf1 Bg4 18. N3d2 Rbd8 19. f3 Bc8 20. Kh1 Qg5 21.
Rad1 Nf4 22. Ne3 Nxg2 23. Nd5 Nxe1 0-1